01092nam a2200241Ia 450000100060000000300090000600800410001504000130005604000130006904100130008210000160009510000290011124500280014024500750016825000110024326000110025426000080026526000490027330000610032250004050038365000310078865000310081986877IT-RoPAU130308s9999 xx 000 0 und d aIT-RoPAU cIT-RoPAU aITALIANO aColombo Pio gCodice Aut. SPICS: 7895 aLegatura artistica (La) bEnciclopedia della Stampa-2-Tipologia, Formatura, Stampa, Allestimento a1a ed. aTORINO bSEI c1969 [1° Ed.:1969 - Ed.Ling.Originale:1969] a"56 p. (prefazione: no ; testo: 56 [pagine: 1267-1322])" aOrigine ed Evoluzione del Libro Edizioni per Bibliofili Tecnica della Legatura Terminologia del Libro Rilegato Legature primitive in Avorio metallo Prezioso con Gemme e Smalti Legature Monastiche Legature di Lusso Legature Orientali Doratura su Cuoio Legatura Italiana nel Rinascimento tommaso Maioli Giovanni Grolier Demetrio Canevari Rinascimento della Legatura in Francia Germania Legature d'arte  aENCICLOPEDIE SULL'EDITORIA eCodice materia Spics: 6601